000 00346nam a2200145Ia 4500
008 210210b1948 xxu||||| |||| 00| 0 eng d
041 _aeng
082 _a879/179
100 _aPOTTAKATT (S K)
245 _aYathrasmaranakal
260 _a
_bNot Mentioned
_c1948
650 _aYathrasmaranakal
690 _aMalayalam Fiction
906 _a002828
999 _c124916
_d124916